Hunter's Journal - Statistics

General Stats
  • This quiz has been taken 5 times
  • The average score is 18 of 168
Answer Stats
Hint Answer % Correct
30 Tiktik
100%
1 Hollow Knight
75%
45 Vengefly
75%
30 Aspid Hatchling
50%
20 Aspid Hunter
50%
15 Aspid Mother
50%
1 Broken Vessel
50%
0 Crawlid
50%
1 False Knight
50%
Entry Garpede
50%
Entry Goam
50%
25 Gruzzer
50%
2 Hornet
50%
1 Mantis Lords
50%
15 Moss Charger
50%
1 Nosk
50%
1 Radiance
50%
1 Uumuu
50%
2 Vengefly King
50%
35 Wandering Husk
50%
1 Watcher Knight
50%
20 Boofly
25%
1 Brooding Mawlek
25%
Entry Charged Lumafly
25%
2 Crystal Guardian
25%
1 Flukemarm
25%
1 God Tamer
25%
5 Grub Mimic
25%
3 Gruzz Mother
25%
Entry Hunter's Mark
25%
35 Husk Bully
25%
6 Husk Guard
25%
35 Leaping Husk
25%
15 Mantis Traitor
25%
1 Massive Moss Charger
25%
10 Mawlurk
25%
8 Moss Knight
25%
12 Ooma
25%
1 Pure Vessel
25%
0 Shade
25%
1 Soul Master
25%
20 Sporg
25%
25 Squit
25%
1 Traitor Lord
25%
Entry Void Idol
25%
Entry Weathered Mask
25%
1 Xero
25%
1 Zote
25%
1 Aluba
0%
15 Ambloom
0%
15 Armored Squit
0%
20 Baldur
0%
15 Battle Obble
0%
15 Belfly
0%
5 Bluggsac
0%
15 Caver Hatcher
0%
15 Corpse Creeper
0%
25 Cowardly Husk
0%
15 Crystal Crawler
0%
20 Crystal Hunter
0%
15 Crystallised Husk
0%
15 Death Loodle
0%
20 Deep Hunter
0%
25 Deepling
0%
35 Dirtcaver
0%
1 Dung Defender
0%
8 Duranda
0%
8 Durandoo
0%
1 Elder Baldur
0%
1 Elder Hu
0%
10 Entombed Husk
0%
15 Flukefey
0%
20 Flukemon
0%
8 Flukemunga
0%
15 Folly
0%
15 Fool Eater
0%
10 Fungified Husk
0%
30 Fungling
0%
20 Fungoon
0%
15 Furious Vengefly
0%
1 Galien
0%
15 Glimback
0%
25 Gluttonous Husk
0%
1 Gorb
0%
1 Gorgeous Husk
0%
10 Great Hopper
0%
10 Great Husk Sentry
0%
1 Great Nailsage Sly
0%
1 Grey Prince Zote
0%
1 Grimm
0%
1 Grimmkin Master
0%
1 Grimmkin Nightmare
0%
1 Grimmkin Novice
0%
15 Gulka
0%
20 Heavy Fool
0%
20 Heavy Sentry
0%
12 Hive Guardian
0%
1 Hive Knight
0%
30 Hiveling
0%
15 Hive Soldier
0%
25 Hopper
0%
1 Hopping Zoteling
0%
25 Husk Dandy
0%
10 Husk Hive
0%
35 Husk Hornhead
0%
20 Husk Miner
0%
25 Husk Sentry
0%
10 Husk Warrior
0%
20 Hwurmp
0%
10 Infected Balloon
0%
2 Kingsmould
0%
25 Lance Sentry
0%
10 Lesser Mawlek
0%
10 Lifeseed
0%
20 Lightseed
0%
20 Little Weaver
0%
15 Loodle
0%
2 Maggot
0%
16 Mantis Petra
0%
25 Mantis Warrior
0%
25 Mantis Youth
0%
1 Markoth
0%
1 Marmu
0%
15 Maskfly
0%
1 Menderbug
0%
25 Mistake
0%
30 Mosscreep
0%
25 Mossfly
0%
25 Mosskin
0%
10 or Entry Moss Vagabond
0%
1 Nailmasters Oro & Mato
0%
1 Nightmare King
0%
1 No Eyes
0%
20 Obble
0%
3 Oblobbles
0%
1 Paintmaster Sheo
0%
1 Pale Lurker
0%
20 Pilflip
0%
25 Primal Aspid
0%
10 Royal Retainer
0%
Entry Seal of Biding
0%
20 Shadow Creeper
0%
15 Shardmite
0%
20 Sharp Baldur
0%
25 Shielded Fool
0%
8 Shrumal Ogre
0%
20 Shrumal Warrior
0%
20 Shrumeling
0%
25 Sibling
0%
15 Slobbering Husk
0%
20 Soul Twister
0%
2 Soul Warrior
0%
20 Spiny Husk
0%
15 Stalking Devout
0%
25 Sturdy Fool
0%
1 The Collector
0%
20 Uoma
0%
15 Violent Husk
0%
Entry Void Tendrils
0%
15 Volatile Gruzzer
0%
25 Volatile Mosskin
0%
1 Volatile Zoteling
0%
6 Volt Twister
0%
1 White Defender
0%
25 Winged Fool
0%
30 Winged Sentry
0%
1 Winged Zoteling
0%
10 Wingmould
0%
No matching quizzes found
Score Distribution
Percent of People with Each Score
Percentile by Number Answered
Your Score History
You have not taken this quiz